Aforismos políticos.
সংরক্ষণ করুন:
| প্রধান লেখক: | |
|---|---|
| অন্যান্য লেখক: | , |
| বিন্যাস: | গ্রন্থ |
| ভাষা: | ইংরেজি |
| প্রকাশিত: |
Madrid, España:
Instituto de Estudios Políticos,
1956.
|
| মালা: | Colección Civitas.
|
| বিষয়গুলি: | |
| ট্যাগগুলো: |
ট্যাগ যুক্ত করুন
কোনো ট্যাগ নেই, প্রথমজন হিসাবে ট্যাগ করুন!
|
MARC
| LEADER | 00000nam a22000007a 4500 | ||
|---|---|---|---|
| 003 | CL-VaPUC | ||
| 005 | 20220822114420.0 | ||
| 008 | 220217t1956 ||||| |||| 00| 0 eng d | ||
| 999 | |c 434449 |d 434447 | ||
| 040 | |c Pontificia Universidad Católica de Valparaíso | ||
| 082 | |a 320.01 CAM 1956 |2 22 | ||
| 100 | |a Campanella, Tomas, |9 257310 |d 1568 -1639 | ||
| 245 | |a Aforismos políticos. | ||
| 260 | |a Madrid, España: |b Instituto de Estudios Políticos, |c 1956. | ||
| 300 | |a 93 páginas. | ||
| 490 | |a Colección Civitas. | ||
| 500 | |a c.1 Donación Familia Prof. Alejandro Guzmán Brito. | ||
| 583 | |c 20220217 |k Yessy Stephany Diaz Vidal | ||
| 650 | |a Política |x Teoría |y Siglos 16-17 |9 866236 | ||
| 650 | 0 | |a Aforismos |9 369442 | |
| 700 | |a Hurtado Bautista, Mariano |9 326483 |e traducción | ||
| 700 | |a Truyol y Serra, Antonio |9 296243 |e nota preliminar | ||
| 942 | |2 ddc |c BK |n 0 | ||